000 00361nam a22001217a 4500
082 _a570
100 _aImam, MD. Muzaffar
_915945
245 _aErrorless 37 MEET UG chapter wise and topic wise BIOLOGY solved papers (2024-1988) with value added notes
250 _a19th
260 _aNew Delhi
_DDisha Publication
_c2024
650 _aBiology
_91078
942 _cBK
999 _c67210
_d67210